<?xml version="1.0" encoding="UTF-8"?>
<record
    xmlns:xsi="http://www.w3.org/2001/XMLSchema-instance"
    xsi:schemaLocation="http://www.loc.gov/MARC21/slim http://www.loc.gov/standards/marcxml/schema/MARC21slim.xsd"
    xmlns="http://www.loc.gov/MARC21/slim">

  <leader>01264nam a22002295i 4500</leader>
  <controlfield tag="001">161561</controlfield>
  <controlfield tag="003">ES-MaACL</controlfield>
  <controlfield tag="005">20230906212319.0</controlfield>
  <controlfield tag="008">000823m18941978gw           |||| | ger d</controlfield>
  <datafield tag="040" ind1=" " ind2=" ">
    <subfield code="a">CCPB | B </subfield>
    <subfield code="b">spa </subfield>
    <subfield code="c">CCPB | B</subfield>
  </datafield>
  <datafield tag="100" ind1="1" ind2=" ">
    <subfield code="a">Pauly, August Friedrich van.</subfield>
    <subfield code="9">147943</subfield>
  </datafield>
  <datafield tag="245" ind1="1" ind2="0">
    <subfield code="a">Paulys Real-Encyclop&#xE4;die der classischen Altertumswissenschaft </subfield>
    <subfield code="b">: neue Bearbeitung unter Mitwirkung Zahlreicher Fachgenossen / </subfield>
    <subfield code="c">herausgegeben von Georg Wissowa.</subfield>
  </datafield>
  <datafield tag="260" ind1=" " ind2=" ">
    <subfield code="a">Stuttgart : </subfield>
    <subfield code="b">J. B. Metzlerscher, </subfield>
    <subfield code="c">1894-1978.</subfield>
  </datafield>
  <datafield tag="300" ind1=" " ind2=" ">
    <subfield code="a">56 v. ; </subfield>
    <subfield code="c">25 cm.</subfield>
  </datafield>
  <datafield tag="505" ind1="8" ind2=" ">
    <subfield code="a">Contiene: [Primera parte] (28 v.) -- Zweite Reihe (13 v.) -- Supplement (15 v.)</subfield>
  </datafield>
  <datafield tag="594" ind1=" " ind2="1">
    <subfield code="a">A partir del tomo VII (1&#xAA; parte) continua la obra como ed. lit., Wilhelm Kroll, en tomo XVIII (1&#xAA; parte) continua como ed. lit. Karl Mittelhaus y a partir del tomo XXI (1&#xAA; parte) continuar&#xE1; la obra como ed. lit. Konrat Ziegler.</subfield>
  </datafield>
  <datafield tag="595" ind1=" " ind2="1">
    <subfield code="a">En el tomo XXI (1&#xAA; parte) cambia editor por Alfred DruckenM&#xFC;ller.</subfield>
  </datafield>
  <datafield tag="650" ind1=" " ind2="4">
    <subfield code="a">Civilizaci&#xF3;n cl&#xE1;sica.</subfield>
    <subfield code="9">139535</subfield>
  </datafield>
  <datafield tag="700" ind1="0" ind2=" ">
    <subfield code="a">Wissowa, Georg.</subfield>
    <subfield code="9">117156</subfield>
  </datafield>
  <datafield tag="700" ind1="1" ind2=" ">
    <subfield code="a">Kroll, Wilhelm (</subfield>
    <subfield code="d">1869-1939)</subfield>
    <subfield code="9">68885</subfield>
  </datafield>
  <datafield tag="852" ind1=" " ind2=" ">
    <subfield code="a">ES-MaACL</subfield>
    <subfield code="j">D-8968-9002 </subfield>
    <subfield code="z">-- Enc. hol. y rust. </subfield>
    <subfield code="q">-- Contiene t.I-XXVI de la 1&#xAA; serie, t.I-V de la 2&#xAA; serie y t.I-IV de suplemento</subfield>
  </datafield>
  <datafield tag="999" ind1=" " ind2=" ">
    <subfield code="c">161561</subfield>
    <subfield code="d">161561</subfield>
  </datafield>
  <datafield tag="952" ind1=" " ind2=" ">
    <subfield code="0">0</subfield>
    <subfield code="1">0</subfield>
    <subfield code="4">0</subfield>
    <subfield code="7">0</subfield>
    <subfield code="8">LIBXIX</subfield>
    <subfield code="a">ATENEOM</subfield>
    <subfield code="b">ATENEOM</subfield>
    <subfield code="c">SVI</subfield>
    <subfield code="d">2008-01-17</subfield>
    <subfield code="e">SSC</subfield>
    <subfield code="l">0</subfield>
    <subfield code="o">D-8968-9002</subfield>
    <subfield code="p">901169232</subfield>
    <subfield code="r">2023-02-23 00:00:00</subfield>
    <subfield code="w">2023-02-23</subfield>
    <subfield code="y">MONANT</subfield>
  </datafield>
</record>
